000 00383cam a2200169 4500
001 D6332
008 090401t1980 xxu||||| |||| 00| 0 eng d
035 _a(Sirsi) u294
041 _aeng
050 _a333.33025
245 _aKemps property industry year book 1980
260 _aLondon
_bKemps
_c1980
300 _ac380p. 21cm
350 _a0
942 _n0
948 _c04/03/1997
999 _c85521
_d85521